Principles of Business Economics (Record no. 1063745)

MARC details
000 -LEADER
fixed length control field 00375nam a2200133Ia 4500
008 - FIXED-LENGTH DATA ELEMENTS--GENERAL INFORMATION
fixed length control field 231228s2009 xx 000 0 und d
041 ## - LANGUAGE CODE
Language code of text/sound track or separate title eng
082 ## - DEWEY DECIMAL CLASSIFICATION NUMBER
Classification number 338.7
Item number NEL
100 ## - MAIN ENTRY--PERSONAL NAME
Personal name NELLIS (Jospeh G.)/ PARKER (David)
245 ## - TITLE STATEMENT
Title Principles of Business Economics
250 ## - EDITION STATEMENT
Edition statement 2nd
260 ## - PUBLICATION, DISTRIBUTION, ETC.
Place of publication, distribution, etc. New Delhi
Name of publisher, distributor, etc. Pearson Education Delhi, Harlow, Singapore
Date of publication, distribution, etc. 2009
300 ## - PHYSICAL DESCRIPTION
Extent 447

No items available.